01868nam a2200313 a 4500001001000000005001700010008004100027041000800068044000700076084002000083100004500103245009500148260003200243300002400275440004200299500034300341500031800684500004601002650005201048650005601100650003401156650004501190700005101235700005101286700006001337700005301397700005401450740005001504BRCA_256620190320203853.0271108s1864----sp-a---###---#000-0dspa-# aspa asp a159b.G38c18641 aCervantes Saavedra, Miguel ded1547-161610aEl Ingenioso Hidalgo Don Quijote de la Manchaccompuesto por Miguel de Cervantes Saavedra. aMadridbGaspar y Roigc1864 a540 p.bil.c27 cm. 0aBiblioteca ilustrada de Gaspar y Roig aContenido : Primera parte. Dedicatoria del autor. Advertencia de los editores. Retrato de Cervantes. Prólogo del autor. Versos preliminares. Texto. Segunda parte. Documentos de la edición príncipe. Dedicatoria del autor. Prólogo del autor. Vida de Cervantes por Quintana. Texto. El Buscapié con prólogo y notas de A. de Castro aEdición : Novísima edición con notas históricas, críticas y gramaticales de la Academia Española, Pellicer, Arrieta, Clemencín, Cuesta, Janer, etc. Aumantado con el Buscapié anotado por A. de Castro. Adornada con 3oo grabados intercalados, láminas sueltas y el retrato del autor grabado en acero aEjemplar igual al LO-159 Lúdovik Osterc14aNovela españolayÉpoca clásica, 1500-170014aLiteratura españolayÉpoca clásica, 1500-170014aNovela españolaySiglo XVII14aDon Quijote (Personaje ficticio)eNovela1 aQuintana, José Manueld1772-1857eBiógrafo1 aCastro y Rossi, Adolfo ded1823-1898eAnotador1 aPellicer y Pilares, Juan Antoniod1738-1806eBiógrafo1 aGarcía Arrieta, Agustínd1775-1834eAnotador1 aClemencín y Viñas, Diegod1785-1834eAnotador0 aEl Ingenioso Hidalgo Don Quijote de la Mancha